000 00601 a2200145 4500
003 Nust
005 20170207154319.0
040 _cNust
082 _a005.1
100 _aNC Nitaasha Safeer BESE-14
245 _aText Recognition using android Based Mobiles (Hard / Soft-copy)
260 _aRawalpindi
_bMCS
_c2012
505 _aIntroduction (Page-1) Literature Review (Page-8) System Requirements Specification (Page-9) Systems Design and Specifications (Page-28) System Implementation (Page-57) Test and Result Analysis (Page-60) Conclusion and Future Work (Page-69)
538 _aAlmirah No.71 Shelf No.6
942 _2ddc
_cBK
999 _c196692
_d196692